|
|
|
|
| LEADER |
02241nam a22004218i 4500 |
| 001 |
36808 |
| 003 |
BD-DhAAL |
| 005 |
20211125162816.0 |
| 008 |
191212t2018 enk b 001 0 eng d |
| 999 |
|
|
|c 41887
|d 41887
|
| 010 |
|
|
|a 2017033075
|
| 020 |
|
|
|a 9781138818200 (hardback)
|
| 020 |
|
|
|a 9781315745404 (ebook)
|
| 040 |
|
|
|a DLC
|b eng
|e rda
|c DLC
|d BD-DhAAL
|
| 042 |
|
|
|a pcc
|
| 043 |
|
|
|a a-bg----
|
| 050 |
0 |
0 |
|a KNG1018.R43
|b K37 2018
|
| 082 |
0 |
0 |
|a 344.54920462
|2 23
|
| 100 |
1 |
|
|a Karim, Saiful
|9 38346
|
| 245 |
1 |
0 |
|a Shipbreaking in developing countries :
|b a requiem for environmental justice from the perspective of Bangladesh /
|c Dr. Md Saiful Karim.
|
| 260 |
|
|
|a Abingdon, Oxon ;
|a New York, NY :
|b Routledge,
|c c2018.
|
| 263 |
|
|
|a 1801
|
| 300 |
|
|
|a xxi, 149 pages ;
|b 24 cm
|
| 490 |
0 |
|
|a IMLI studies in international law
|
| 504 |
|
|
|a Includes bibliographical references and index.
|
| 505 |
0 |
|
|a Introduction -- Environmental justice -- Existing international environmental conventions' relevance in ensuring environmental justice in the shipbreaking industry -- Development of an international legal framework for ship recycling : whither environmental justice -- Environmental justice and regulatory developments for the shipbreaking industry in Bangladesh -- The shipbreaking industry and the forgotten people.
|
| 526 |
|
|
|a SOL
|
| 541 |
|
|
|a Trim Education
|e 36808, 36809
|
| 650 |
|
0 |
|a Ships
|x Scrapping
|x Law and legislation
|z Bangladesh.
|9 38347
|
| 650 |
|
0 |
|a Recycling industry
|x Law and legislation
|z Bangladesh.
|9 38348
|
| 650 |
|
0 |
|a Environmental law, International.
|9 38349
|
| 650 |
|
0 |
|a Labor laws and legislation, International.
|9 38350
|
| 650 |
|
0 |
|a International and municipal law
|z Bangladesh.
|9 38351
|
| 650 |
|
0 |
|a Law.
|9 43212
|
| 852 |
|
|
|a Ayesha Abed Library
|c General Stacks
|
| 942 |
|
|
|2 ddc
|c BK
|
| 952 |
|
|
|0 0
|1 0
|2 ddc
|4 0
|6 344_549204620000000_KAR
|7 0
|9 67397
|a BRACUL
|b BRACUL
|c GEN
|d 2019-12-09
|e Trim Education
|g 8360.00
|l 1
|m 7
|o 344.54920462 KAR
|p 3010036808
|r 2022-05-23
|s 2022-03-14
|t 1
|v 8360.00
|w 2019-12-09
|y BK
|
| 952 |
|
|
|0 0
|1 0
|2 ddc
|4 0
|6 344_549204620000000_KAR
|7 0
|9 67398
|a BRACUL
|b BRACUL
|c GEN
|d 2019-12-09
|e Trim Education
|g 8360.00
|l 2
|m 26
|o 344.54920462 KAR
|p 3010036809
|r 2024-09-26
|s 2024-09-01
|t 2
|v 8360.00
|w 2019-12-09
|y BK
|